[Event "Petah Tiqwa-B"]
[Site "Petah Tiqwa"]
[Date "1996.??.??"]
[Round "4"]
[White "Tsesarsky, Ilya"]
[Black "Bar, Roman"]
[Result "1-0"]
[WhiteElo "2420"]
[BlackElo "2145"]

1.Nf3 Nf6 2.c4 e6 3.Nc3 c5 4.g3 b6 5.Bg2 Bb7 6.O-O Be7 7.Re1 O-O 8.e4 d6
9.d4 cxd4 10.Nxd4 Qc8 11.Be3 a6 12.Rc1 Nbd7 13.f4 Qc7 14.g4 Nc5 15.Bf2 e5
16.Nf5 Rfe8 17.b4 Ne6 18.Nd5 Qd8 19.Ndxe7+ Rxe7 20.fxe5 Ne8 21.Nxe7+ Qxe7
22.exd6 Nxd6 23.c5 bxc5 24.bxc5 Nb5 25.c6 Bc8 26.a4 Nbc7 27.Qd2  1-0

[Event "Petah Tiqwa"]
[Site "Petah Tiqwa"]
[Date "1996.??.??"]
[Round "8"]
[White "Grinshpun, Eduard"]
[Black "Rotman, Daniel"]
[Result "1/2-1/2"]
[WhiteElo "2380"]
[BlackElo "2345"]

1.c4 c5 2.Nf3 Nf6 3.Nc3 b6 4.g3 Bb7 5.Bg2 g6 6.O-O Bg7 7.d4 cxd4 8.Qxd4 O-O
9.Qh4 d6 10.Bh6 Nbd7 11.Bxg7 Kxg7 12.Rfd1 Rc8 13.Rac1 Bxf3 14.exf3 Rc5 15.Qd4 Qc8
16.b3 Re8 17.f4 Kg8 18.h3 Nf8 19.Nb5 Qb8 20.b4 Rcc8 21.Qb2 N8d7 22.Qa3 a5
23.bxa5 bxa5 24.Qxa5 Rc5 25.a4 Rec8 26.Qe1 Rxc4 27.Rxc4 Rxc4 28.Qxe7 Rxa4
29.Nxd6 Qf8 30.Qe3 Ra5 31.g4 h6 32.Qd4 Qe7 33.Bf3 Kh7 34.Qc4 Kg7 35.h4 Qe6
36.Qxe6 fxe6 37.g5 Nd5 38.Nb7 Rb5 39.Nd8 Nf8 40.Bxd5 exd5 41.Rc1 hxg5 42.Rc7+ Kg8
43.fxg5 Rb4 44.Nc6 Rxh4 45.Ne7+ Kh8 46.Nxd5 Ne6 47.Rc6 Nxg5 48.Rxg6 Rg4+
49.Kf1 Nf3 50.Rb6 Kg7 51.Ke2 Nd4+ 52.Kd3 Nf5 53.f4 Rg1 54.Nc7 Rg6 55.Ne6+ Kh6
56.Ke4 Rf6 57.Ke5 Ne3 58.Rb8 Ng4+ 59.Kd6 Ne3 60.Rg8  1/2-1/2

[Event "Polanica Zdroj op"]
[Site "Polanica Zdroj"]
[Date "1996.??.??"]
[Round "?"]
[White "Eljanov, Pavel"]
[Black "Perdek, Miroslaw"]
[Result "0-1"]
[WhiteElo "2155"]
[BlackElo "2325"]

1.c4 Nf6 2.Nc3 c5 3.Nf3 b6 4.e4 d6 5.d4 cxd4 6.Nxd4 Bb7 7.f3 e6 8.Be3 Be7
9.Be2 O-O 10.O-O a6 11.Qe1 Qc7 12.Rc1 Nbd7 13.Qf2 Rac8 14.Rfd1 Rfe8 15.b4 Qb8
16.a3 Bd8 17.Nb3 Bc7 18.g3 d5 19.cxd5 exd5 20.exd5 Bxg3 21.hxg3 Rxe3 22.Qxe3 Qxg3+
23.Kf1 Ng4 24.Qg1 Nh2+ 25.Qxh2 Qxh2 26.Nd4 h5 27.Rc2 Ne5 28.Rdd2 Qf4 29.Ke1 Qe3
30.f4 Qg3+  0-1

[Event "Prague op"]
[Site "Prague"]
[Date "1996.??.??"]
[Round "8"]
[White "Zaksauskaite, Daiva"]
[Black "Voloshin, Leonid"]
[Result "0-1"]
[WhiteElo "2020"]
[BlackElo "2400"]

1.Nf3 Nf6 2.c4 c5 3.Nc3 b6 4.g3 Bb7 5.Bg2 e6 6.O-O Be7 7.b3 O-O 8.Bb2 d6
9.e3 a6 10.Rc1 b5 11.d4 cxd4 12.exd4 Nbd7 13.Re1 Nb6 14.Qe2 bxc4 15.Ng5 Bxg2
16.Kxg2 d5 17.bxc4 Nxc4 18.Rc2 Rc8 19.Rec1 Nxb2 20.Nxe6 fxe6 21.Qxe6+ Kh8
22.Nxd5 Qxd5+ 23.Qxd5 Nxd5  0-1

[Event "CRO-ch"]
[Site "Pula"]
[Date "1996.??.??"]
[Round "?"]
[White "Loncar, Robert"]
[Black "Jovanic, Ognjen"]
[Result "1-0"]
[WhiteElo "2455"]
[BlackElo "2340"]

1.Nf3 Nf6 2.c4 c5 3.Nc3 b6 4.g3 Bb7 5.Bg2 g6 6.d4 cxd4 7.Qxd4 Bg7 8.O-O d6
9.Bg5 O-O 10.Qh4 Nbd7 11.Bh6 Rc8 12.b3 a6 13.Rac1 Nc5 14.Nd5 Bxd5 15.cxd5 Nxd5
16.Ng5 Nf6 17.Bh3 Rc7 18.Rc4 Ncd7 19.Bxg7 Kxg7 20.Rfc1 Rxc4 21.Qxc4 Ne5 22.Qxa6 Qa8
23.Qxa8 Rxa8 24.a4 h6 25.Bg2 Ra5 26.Nf3 Rc5 27.Ra1 Nxf3+ 28.Bxf3 Nd5 29.Bxd5 Rxd5
30.b4 Kf6 31.a5 bxa5 32.bxa5 Rc5 33.a6 Rc8 34.f4 Ra8 35.Kf2 Ke6 36.Ke3 Kd5
37.h4 h5 38.f5 gxf5 39.Kf4 Ke6 40.Ra5 d5 41.a7 Kf6 42.Ra6+ e6 43.e3 Ke7 44.Ke5 f6+
45.Kd4 Kf7 46.Kc5 Kg6 47.Kb6 f4 48.gxf4 Kf5 49.Kb7 Rg8 50.a8=Q Rxa8 51.Kxa8 e5
52.fxe5 fxe5 53.Ra4 e4 54.Rd4  1-0

[Event "Quebec-ch"]
[Site "Quebec"]
[Date "1996.??.??"]
[Round "2"]
[White "O'Donnell, Tom"]
[Black "Leveille, Francois"]
[Result "1/2-1/2"]
[WhiteElo "2365"]
[BlackElo "2365"]

1.c4 Nf6 2.Nf3 c5 3.Nc3 e6 4.e3 d5 5.d4 dxc4 6.Bxc4 a6 7.O-O b5 8.Be2 Bb7
9.dxc5 Bxc5 10.Qxd8+ Kxd8 11.b3 Nbd7 12.Bb2 Ke7 13.Rac1 Rhc8 14.h3 h6 15.Rfd1 g5  1/2-1/2

[Event "Quebec-ch"]
[Site "Quebec"]
[Date "1996.??.??"]
[Round "9"]
[White "Leveille, Francois"]
[Black "Linsky, Oleg"]
[Result "1/2-1/2"]
[WhiteElo "2365"]
[BlackElo "2315"]

1.Nf3 Nf6 2.c4 c5 3.Nc3 e6 4.g3 d5 5.cxd5 exd5 6.d4 Nc6 7.Bg2 Be7 8.O-O O-O
9.dxc5 Bxc5 10.Bg5 d4 11.Bxf6 Qxf6 12.Nd5 Qd8 13.Nd2 Re8 14.Rc1 Bf8 15.Nc4 Bf5
16.a3 Be4 17.Bxe4 Rxe4 18.Nf4 Qd7 19.Qd3 Ree8 20.Qf3 Rad8 21.Rfd1 Qf5 22.Kg2 g6
23.Nd3 Qe6 24.Rc2 a5 25.Nf4 Qf5 26.Qd3 Qb5 27.Nd2 Qb6 28.Qb3 Qxb3 29.Nxb3 Re5
30.Nd3 Rb5 31.Nbc5 Bxc5 32.Rxc5 Rxc5 33.Nxc5 b6 34.Nd3 Kf8 35.Rc1 Rd6 36.Kf3 Ke7
37.Ke4 Kd7 38.Rc2 f6 39.h4 Re6+ 40.Kd5 Rd6+ 41.Kc4 Na7 42.Rd2 Ke6 43.b4 Rc6+
44.Kb3 Rc3+ 45.Ka4 axb4 46.Kxb4 g5 47.hxg5 fxg5 48.Ne1 Rc5 49.Nc2 Nc6+ 50.Ka4 Ke5
51.Nb4 b5+ 52.Kb3 Rc3+ 53.Kb2 Nxb4 54.axb4 Rc4 55.Kb3 Rc3+ 56.Kb2  1/2-1/2

[Event "Reykjavik op"]
[Site "Reykjavik"]
[Date "1996.??.??"]
[Round "7"]
[White "Gretarsson, Andri A"]
[Black "Karason, Askell O"]
[Result "0-1"]
[WhiteElo "2330"]
[BlackElo "2230"]

1.Nf3 c5 2.c4 Nf6 3.Nc3 b6 4.g3 Bb7 5.Bg2 g6 6.b3 Bg7 7.Bb2 O-O 8.O-O d6
9.e3 Nbd7 10.d4 a6 11.Re1 Qc7 12.Qe2 e6 13.Rad1 Rfe8 14.Rd2 Rad8 15.Red1 Qb8
16.Ba3 Ne4 17.Nxe4 Bxe4 18.Ne1 Bxg2 19.Nxg2 cxd4 20.exd4 Nf6 21.Rc2 Qb7 22.Ne3 d5
23.c5 bxc5 24.dxc5 Rc8 25.Bb2 Ra8 26.Be5 Rec8 27.Qd3 Ne4 28.Bxg7 Kxg7 29.Qd4+ f6
30.f3 Ng5 31.Kg2 Rc6 32.Re1 h5 33.Rce2 Rd8 34.h4 e5 35.Qd2 Ne6 36.b4 a5 37.a3 axb4
38.axb4 Ra6 39.Qd3 Nd4 40.Rb2 Nxf3 41.Rc1 d4 42.Nf5+ gxf5 43.Qxf3 Qxf3+ 44.Kxf3 e4+
45.Kg2 d3 46.b5 Re6 47.c6 d2 48.Rxd2 Rxd2+ 49.Kf1 Rb2 50.c7 Re8 51.c8=Q Rxc8
52.Rxc8 Rxb5 53.Rd8 f4 54.Rd4 Rb1+ 55.Kf2 e3+ 56.Kg2 e2 57.Rxf4 e1=Q  0-1

[Event "Salongernas IM"]
[Site "Salongernas"]
[Date "1996.??.??"]
[Round "?"]
[White "Vanderwaeren, Serge"]
[Black "Ornstein, Axel"]
[Result "0-1"]
[WhiteElo "2285"]
[BlackElo "2440"]

1.Nf3 Nf6 2.c4 c5 3.Nc3 e6 4.g3 b6 5.Bg2 Bb7 6.O-O Be7 7.b3 O-O 8.Bb2 d5
9.cxd5 Nxd5 10.Nxd5 Qxd5 11.d4 Na6 12.dxc5 Nxc5 13.Qxd5 Bxd5 14.Rfd1 Rfc8
15.Rac1 a5 16.Ne5 Bxg2 17.Kxg2 Bf6 18.Nc4 Bxb2 19.Nxb2 b5 20.f3 Kf8 21.Kf2 Ke7
22.Ke3 Na6 23.Nd3 Nc7 24.Kd2 Nd5 25.Rxc8 Rxc8 26.Rc1 Rxc1 27.Nxc1 f5 28.Nd3 Kd6
29.e4 fxe4 30.fxe4 Nb6 31.Kc3 e5 32.Kd2 Nd7 33.Ke3 Nb8 34.Kd2 Nc6 35.Kc3 Nd4
36.a4 b4+ 37.Kc4 h5 38.Nc5 Kc6 39.h4 g6 40.Na6 Nf3 41.Kd3 g5 42.hxg5 Nxg5
43.Nb8+ Kd6 44.Na6 Nf3 45.Kc4 Nd2+ 46.Kb5 Nxb3 47.Nxb4 axb4 48.Kxb4 Nd2 49.a5 Nxe4
50.a6 Kc6 51.Kc4 Nxg3  0-1

[Event "Santa Clara"]
[Site "Santa Clara"]
[Date "1996.??.??"]
[Round "4"]
[White "Nogueiras, Jesus"]
[Black "Herrera, Irisberto"]
[Result "1/2-1/2"]
[WhiteElo "2555"]
[BlackElo "2420"]

1.Nf3 c5 2.c4 Nf6 3.Nc3 b6 4.e4 d6 5.d4 cxd4 6.Nxd4 Bb7 7.Qe2 e6 8.g3 a6
9.Bg2 Qc7 10.O-O Nbd7 11.Bd2 Rc8 12.b3 Be7 13.Rac1 O-O 14.g4 Ne5 15.g5 Nfd7
16.a4 Nc5 17.Rb1 Nc6 18.Nc2 a5 19.f4 Qd8 20.h4 Re8 21.Rfd1 Qc7 22.Be1 Qb8
23.Ne3 Nb4 24.Bg3 Qa8 25.Ng4 d5 26.exd5 exd5 27.Nxd5 Nxd5 28.Bxd5 Bxd5 29.Rxd5 Nxa4
30.Qg2 Nc3 31.Rf1 Nxd5 32.cxd5 Rcd8 33.Rd1 Bc5+ 34.Kh1 Qc8 35.Be1 Qf5 36.Bc3 Qe4
37.h5 Kf8 38.h6 Qxg2+ 39.Kxg2 gxh6 40.gxh6 f5 41.Bg7+ Kf7 42.Ne5+ Ke7 43.Nc6+ Kd7
44.Nxd8 Kxd8 45.Be5 Kd7 46.Kf3 Bd6  1/2-1/2

[Event "Sarospatak op"]
[Site "Sarospatak"]
[Date "1996.??.??"]
[Round "?"]
[White "Gosztolya, Ferenc"]
[Black "Brhlik, Gyorgy"]
[Result "1/2-1/2"]
[WhiteElo "2200"]
[BlackElo "2130"]

1.c4 Nf6 2.Nc3 c5 3.Nf3 g6 4.g3 Bg7 5.Bg2 d6 6.O-O O-O 7.d4 Nbd7 8.e4 cxd4
9.Nxd4 Ne5 10.b3 Nc6 11.Nce2 Nxd4  1/2-1/2

[Event "Schoeneck"]
[Site "Schoeneck"]
[Date "1996.??.??"]
[Round "6"]
[White "Votava, Jan"]
[Black "Miezis, Normunds"]
[Result "0-1"]
[WhiteElo "2545"]
[BlackElo "2530"]

1.Nf3 c5 2.c4 Nf6 3.Nc3 d5 4.cxd5 Nxd5 5.g3 Nc6 6.Bg2 Nxc3 7.bxc3 e5 8.O-O Be7
9.Rb1 O-O 10.d3 Qc7 11.Be3 Be6 12.Qa4 Rac8 13.Ng5 Bxg5 14.Bxg5 b6 15.Rfd1 Qd7
16.Rb2 f6 17.Bc1 Rfd8 18.Rbd2 Bd5 19.Bf1 Be6 20.Bg2 Bd5 21.Bf1 Rb8 22.Qh4 Qf7
23.c4 Be6 24.e3 Rd6 25.f4 Rbd8 26.Bg2 Ne7 27.Be4 h5 28.Rf1 exf4 29.Qxf4 Ng6
30.Bxg6 Qxg6 31.d4 cxd4 32.Ba3 R6d7 33.Rxd4 Rxd4 34.exd4 Qd3 35.d5 Bh3 36.Rf3 Qd1+
37.Kf2 Re8 38.Re3 Qf1+  0-1

[Event "Seefeld op"]
[Site "Seefeld"]
[Date "1996.??.??"]
[Round "?"]
[White "Nadenau, Oskar"]
[Black "Wiesbeck, Florian"]
[Result "0-1"]
[WhiteElo "2105"]
[BlackElo "1825"]

1.c4 c5 2.Nf3 Nf6 3.Nc3 e6 4.d4 cxd4 5.Nxd4 Qc7 6.e3 a6 7.Be2 Nc6 8.O-O Be7
9.a3 Ne5 10.b3 b5 11.f4 Ng6 12.Bf3 Rb8 13.Qd3 bxc4 14.bxc4 Nh4 15.Bd2 Nxf3+
16.Nxf3 Bb7 17.Rfc1 O-O 18.Ne2 Be4 19.Qc3 Qb7 20.Ned4 Rfc8 21.Qa5 Rc5 22.Qa4 Rbc8
23.Bb4 Rxc4 24.Rxc4 Rxc4 25.Nd2 Rxb4 26.axb4 Bxb4 27.N2f3 a5 28.Rc1 h6 29.h3 Nd5
30.Qb3 Ne7 31.Kf2 Nc6 32.Nxc6 Bxc6 33.Rb1 Be4 34.Rb2 Bd5 35.Qc2 Be4 36.Qb3 Qc6
37.Nd4 Qc1 38.Ne2 Qe1+  0-1

[Event "Sitges op"]
[Site "Sitges"]
[Date "1996.??.??"]
[Round "9"]
[White "Vidarte Morales, Arturo"]
[Black "Marin, Mihail"]
[Result "1/2-1/2"]
[WhiteElo "2350"]
[BlackElo "2545"]

1.c4 Nf6 2.Nc3 c5 3.Nf3 e6 4.g3 b6 5.Bg2 Bb7 6.O-O a6 7.b3 Be7 8.Bb2 O-O
9.d4 cxd4 10.Nxd4 Bxg2 11.Kxg2 Qc7 12.e3 Nc6 13.Nxc6 Qxc6+ 14.Qf3 Rfc8 15.Rfd1 Rab8
16.a4 d6 17.Rab1 Nd7 18.Ba3 Nc5 19.Qxc6 Rxc6 20.Ne2 Rc7 21.Nd4 g6 22.Kf1 Bf8
23.f3 Re8 24.Kf2 f5 25.Ne2 Rb8 26.Nd4 Kf7 27.Ke2 Be7 28.Kd2 Rd8 29.Ke2 Ra8
30.Rdc1 Rac8 31.Rd1 Ra8 32.Rdc1 Rd8 33.Rd1 Rdc8 34.Ke1 Ra8 35.Ke2 Rac8 36.Ke1 Ra7
37.Ke2 e5 38.Nc2 b5 39.Bxc5 Rxc5 40.Rd5 Rxd5 41.cxd5 Rc7 42.Kd2 e4 43.fxe4 fxe4
44.axb5 axb5 45.b4 Ra7 46.Rf1+ Bf6 47.Rf4 h5 48.g4 hxg4 49.Rxe4 Be5 50.Rxg4 Kf6
51.h3 Ra2 52.Kd3 Rb2 53.Rg2 Rb3+ 54.Ke4 Rc3 55.Rf2+ Ke7 56.Rg2 Kf6 57.Rf2+  1/2-1/2

[Event "Sochi"]
[Site "Sochi"]
[Date "1996.??.??"]
[Round "?"]
[White "Ivanov, Victor L"]
[Black "Dragomarezkij, Evgeni"]
[Result "0-1"]
[WhiteElo "2450"]
[BlackElo "2455"]

1.Nf3 Nf6 2.c4 c5 3.Nc3 e6 4.g3 b6 5.Bg2 Bb7 6.O-O Be7 7.Re1 d5 8.cxd5 exd5
9.d4 O-O 10.Bf4 Na6 11.Rc1 Qc8 12.Ne5 Rd8 13.dxc5 bxc5 14.e4 dxe4 15.Qb3 Rf8
16.Nc4 Nb4 17.Nxe4 Nxe4 18.Bxe4 Bxe4 19.Rxe4 Bf6 20.Nd6 Qa6 21.Rxb4 cxb4
22.Rc7 h5 23.Rxf7 Kh8 24.Qd5 Qe2 25.Rxf6 gxf6 26.f3 Qe1+ 27.Kg2 Qe2+ 28.Kh3 Qe7
29.Qxh5+ Qh7 30.Bh6 Rad8 31.Nf5 Rg8 32.f4 Rd5 33.g4 Rg6 34.Kg3 Rxf5 35.Qxf5 Rxh6
36.Qc8+ Qg8 37.Qb7 Qe8  0-1

[Event "Solymar op"]
[Site "Solymar"]
[Date "1996.??.??"]
[Round "?"]
[White "Lehoczki, Viktor"]
[Black "Medvegy, Nora"]
[Result "0-1"]
[WhiteElo "2090"]
[BlackElo "2300"]

1.c4 e6 2.Nf3 Nf6 3.Nc3 c5 4.d4 cxd4 5.Nxd4 Nc6 6.Nc2 b6 7.g3 Bb7 8.Bg2 Be7
9.O-O O-O 10.e4 d6 11.b3 Rc8 12.Bb2 Qc7 13.Ne3 Ne5 14.Qd2 Ned7 15.Rad1 Qb8
16.Rfe1 a6 17.Ba3 Nc5 18.f3 Rfd8 19.Qe2 Bf8 20.b4 Ncd7 21.Rd2 b5 22.Rc1 bxc4
23.Nxc4 d5 24.exd5 Nxd5 25.Nxd5 Bxd5 26.Ne3 Rxc1+ 27.Bxc1 Qb6 28.Kh1 Rc8
29.Bb2 Bc6  0-1

[Event "Petrov mem"]
[Site "St Petersburg"]
[Date "1996.??.??"]
[Round "1"]
[White "Filippov, Valerij"]
[Black "Novgorodskij, Vladimir"]
[Result "1-0"]
[WhiteElo "2530"]
[BlackElo "2325"]

1.Nf3 c5 2.c4 Nf6 3.Nc3 g6 4.e4 Bg7 5.d4 cxd4 6.Nxd4 O-O 7.Be2 Nc6 8.Be3 d6
9.O-O Bd7 10.Qd2 Nxd4 11.Bxd4 Bc6 12.f3 Qa5 13.a3 Rfc8 14.b4 Qd8 15.Rac1 b6
16.Rfd1 Qf8 17.Be3 Nd7 18.Nd5 Nf6 19.Re1 Nxd5 20.cxd5 Bb7 21.Bb5 a6 22.Bd7 Rxc1
23.Rxc1 Qd8 24.Bc6 Rb8 25.Bxb7 Rxb7 26.Rc6 h5 27.a4 Kh7 28.Qd3 Qh8 29.Rxb6 Rxb6
30.Bxb6 Qc8 31.Be3 h4 32.Kf1 Bh6 33.f4 Qh8 34.Qd4 Qe8 35.Qa1 e5 36.dxe6 Qxe6
37.Qd4 h3 38.Qd5 hxg2+ 39.Kxg2 Qg4+ 40.Kf2 Qh4+ 41.Ke2 Qg4+ 42.Kd2 Qg2+ 43.Kd3 Qf1+
44.Kc2 Bg7 45.b5 Qa1 46.Qb3 axb5 47.axb5 Qh1 48.Qd5 Qa1 49.Bd2 Kg8 50.Qb3 Qa8
51.Kd3 Qa1 52.Kc2 Qh1 53.Qb4 d5 54.b6 d4 55.b7 Qxe4+ 56.Kb2  1-0

[Event "RUS-Cup1 Chigorin mem"]
[Site "St Petersburg"]
[Date "1996.??.??"]
[Round "9"]
[White "Filippov, Valerij"]
[Black "Kiik, Kalle"]
[Result "1-0"]
[WhiteElo "2565"]
[BlackElo "2370"]

1.Nf3 c5 2.c4 Nf6 3.Nc3 e6 4.g3 b6 5.Bg2 Bb7 6.O-O a6 7.Re1 d6 8.e4 Nbd7
9.d4 cxd4 10.Nxd4 Qc7 11.Be3 Be7 12.Rc1 O-O 13.f4 Rfe8 14.g4 g6 15.g5 Nh5
16.f5 exf5 17.Nd5 Qd8 18.Nxf5 Bf8 19.Rf1 Bxd5 20.cxd5 Ne5 21.Nd4 b5 22.Nc6 Qd7
23.Nxe5 Rxe5 24.Rc6 Be7 25.Qc1 Qg4 26.h3 Qh4 27.Rc8+ Rxc8 28.Qxc8+ Bf8 29.Qg4 Qg3
30.Qxg3 Nxg3 31.Re1 Re8 32.Bf4 Nh5 33.Bh2 h6 34.gxh6 Rd8 35.e5 dxe5 36.Bxe5 Rd7
37.Rc1 Bxh6 38.Rc8+ Bf8 39.d6  1-0

[Event "Rilton Cup 96/97"]
[Site "Stockholm"]
[Date "1996.??.??"]
[Round "1"]
[White "Hjartarson, Johann"]
[Black "Sjodin, Bengt"]
[Result "1/2-1/2"]
[WhiteElo "2565"]
[BlackElo "2175"]

1.c4 c5 2.Nf3 Nf6 3.Nc3 d5 4.cxd5 Nxd5 5.d4 Bf5 6.Qb3 Nxc3 7.bxc3 Qb6 8.dxc5 Qxc5
9.Ba3 Qc7 10.Nd4 Bd7 11.e4 Nc6 12.Bc4 Ne5 13.Be2 g5 14.O-O Rc8 15.Rab1 b6
16.Ba6 Rd8 17.Nb5 Qb8 18.Rbd1 Rg8 19.c4 g4 20.Qg3 Bg7 21.Nd6+ Kf8 22.Nf5 Bxf5
23.exf5 Bf6 24.Kh1 Rg5 25.Bc1 Rxf5 26.f4 Ng6 27.Qxg4 e6 28.Rxd8+ Qxd8 29.Qh3 Kg8
30.g4 Qa8+ 31.Qf3 Qxf3+ 32.Rxf3 Ra5 33.Ra3 Rxa3 34.Bxa3 Nxf4 35.Bd6 Nd3 36.Bb8 Nb4
37.Bb7 Nxa2 38.Bxa7 Bd4 39.Kg2 Nc3 40.Kf3 Kg7 41.Bb8 Kg6  1/2-1/2

[Event "Rilton Cup 96/97"]
[Site "Stockholm"]
[Date "1996.??.??"]
[Round "2"]
[White "Stefansson, Hannes"]
[Black "Lindberg, Bengt"]
[Result "1-0"]
[WhiteElo "2560"]
[BlackElo "2355"]

1.c4 Nf6 2.Nc3 c5 3.Nf3 e6 4.g3 b6 5.Bg2 Bb7 6.O-O Be7 7.Re1 d5 8.cxd5 exd5
9.d4 O-O 10.Bf4 Na6 11.Ne5 Re8 12.dxc5 Nxc5 13.Nd3 Qd7 14.Be3 Rad8 15.Bd4 Ne6
16.Bh3 Qc6 17.Ne5 Qc7 18.Bxe6 fxe6 19.Rc1 Qb8 20.e3 Bd6 21.f4 Nd7 22.Nxd7 Rxd7
23.Qa4 Red8 24.Nb5 a6 25.Nxd6 Qxd6 26.Be5 Qf8 27.Qd4 Qf5 28.Bc7 Re8 29.Qxb6 Ba8
30.Qd4 h5 31.Be5 h4 32.Re2 Qg4 33.Rg2 h3 34.Rgc2 Qg6 35.Rc8 Rxc8 36.Rxc8+ Kh7
37.Kf2 Bb7 38.Rc3 Rf7 39.Qd3 Qxd3 40.Rxd3 a5 41.g4 Ba6 42.Ra3  1-0

[Event "Rilton Cup 96/97"]
[Site "Stockholm"]
[Date "1996.??.??"]
[Round "6"]
[White "Agrest, Evgenij"]
[Black "Ulibin, Mikhail"]
[Result "1/2-1/2"]
[WhiteElo "2475"]
[BlackElo "2550"]

1.Nf3 c5 2.c4 Nf6 3.Nc3 e6 4.e4 Nc6 5.Be2 d5 6.cxd5 exd5 7.e5 Nd7 8.Nxd5 Ndxe5
9.Nxe5 Qxd5 10.Nxc6 Qxc6 11.O-O Be7 12.d4  1/2-1/2

[Event "SVK-chT9596"]
[Site "?"]
[Date "1996.??.??"]
[Round "8"]
[White "Harasta, Vladimir"]
[Black "Djubek, Boris"]
[Result "1/2-1/2"]
[WhiteElo "2170"]
[BlackElo "2245"]

1.c4 c5 2.Nf3 Nf6 3.Nc3 g6 4.d4 cxd4 5.Nxd4 Bg7 6.e4 d6 7.Be2 O-O 8.O-O Nc6
9.Be3 Bd7 10.Rc1 Nxd4 11.Bxd4 Bc6 12.f3 Nd7 13.Be3 b6 14.Qd2 Nc5 15.b4 Nd7
16.a3 Rc8 17.Nb5 Ra8 18.Bg5 Nf6 19.Rfd1 Qb8 20.Nc3 Re8 21.Nd5 Nxd5 22.cxd5 Ba4
23.Rf1 a6 24.Bd1 Bd7 25.a4 Qb7 26.Bb3 b5 27.a5 f6 28.Be3 Rac8 29.Kf2 Kf8
30.Qd4 Rxc1 31.Rxc1 Rc8 32.Qb6 Qa8 33.Rc7 Rxc7 34.Qxc7 Qc8 35.Qxc8+ Bxc8
36.Ke2 f5 37.Bc2 fxe4 38.Bxe4 Bc3 39.Bd2 Bxd2 40.Kxd2 Kf7 41.Ke3 Kf6 42.h4 h6
43.f4 h5 44.g3 Bd7 45.Bf3 Bc8 46.Kf2  1/2-1/2

[Event "SWE-chT 9596"]
[Site "?"]
[Date "1996.??.??"]
[Round "?"]
[White "Cramling, Dan"]
[Black "Ornstein, Axel"]
[Result "1/2-1/2"]
[WhiteElo "2445"]
[BlackElo "2440"]

1.c4 Nf6 2.Nc3 c5 3.Nf3 e6 4.e3 Nc6 5.d4 d5 6.a3 a6 7.dxc5 Bxc5 8.b4 Bb6
9.Bb2 O-O 10.Qc2 Qe7 11.Rd1 Rd8 12.Be2 dxc4 13.O-O e5 14.Rxd8+ Bxd8 15.Bxc4 Be6
16.Bxe6 Qxe6 17.Na4 Nd7 18.Rd1 b5 19.Nc3 Nb6 20.Ne4 Nc4 21.Nd6 e4 22.Nxe4 Nxb2
23.Rd6 Qa2 24.Rxc6 Qxa3 25.h4 Qd3 26.Ne5 Qxc2 27.Rxc2 Nc4 28.Nxc4 bxc4 29.g3 Rc8
30.Nd6 Rb8 31.Rxc4 Be7 32.Rc6 Bxd6 33.Rxd6 h5 34.Rxa6 Rxb4 35.Kg2 g6 36.Kf3 Rb2
37.e4 Kg7 38.Ke3 Rb3+ 39.Kf4 Rb2 40.f3 Rg2 41.Ra7 Rg1 42.Ra3 Rg2 43.Re3 Rg1
44.Re2 Kf6 45.e5+ Kg7 46.Re3 Rg2 47.g4 hxg4 48.fxg4 Ra2 49.h5 gxh5 50.gxh5 Kh6
51.Rf3 Kxh5 52.Kf5 Kh4 53.Rf4+ Kg3 54.Rg4+ Kh3 55.Rf4 Kg3 56.Kg5 Re2 57.Rf5 Re4
58.Kf6  1/2-1/2

[Event "SWE-chT 9596"]
[Site "?"]
[Date "1996.??.??"]
[Round "?"]
[White "Cramling, Dan"]
[Black "Svensson, Bengt"]
[Result "1/2-1/2"]
[WhiteElo "2445"]
[BlackElo "2400"]

1.c4 Nf6 2.Nc3 c5 3.Nf3 e6 4.e3 d5 5.d4 Nc6 6.a3 dxc4 7.Bxc4 Be7 8.O-O O-O
9.Qe2 cxd4 10.Rd1 e5 11.h3 Bf5 12.exd4 exd4 13.Be3  1/2-1/2

[Event "SWE-chT 9596"]
[Site "?"]
[Date "1996.??.??"]
[Round "?"]
[White "Bergstrom, Christer"]
[Black "Ornstein, Axel"]
[Result "1/2-1/2"]
[WhiteElo "2420"]
[BlackElo "2440"]

1.Nf3 Nf6 2.c4 c5 3.Nc3 e6 4.g3 b6 5.Bg2 Bb7 6.O-O Be7 7.Re1 d6 8.e4 a6 9.d4 cxd4
10.Nxd4 Qc7 11.Be3 Nbd7 12.Rc1 Rc8 13.h3 Qb8 14.Qe2 Qa8 15.Bd2 O-O 16.g4 g6
17.b3 Rfe8 18.Bf3 Ne5 19.Bg2 Bf8 20.Na4 Ned7 21.Nc2 d5 22.e5 Ne4 23.Bb4 Bh6
24.Rcd1 b5 25.Bxe4 bxa4 26.Bg2 axb3 27.axb3 dxc4 28.Bxb7 Qxb7 29.bxc4 Nb6
30.Rd4 Qc6 31.Rd6 Qb7 32.Rd4 Qc6 33.Rd6 Qxc4 34.Rxb6 Qxc2 35.Qxc2 Rxc2 36.Rxa6  1/2-1/2

[Event "SWE-chT 9596"]
[Site "?"]
[Date "1996.??.??"]
[Round "?"]
[White "Sixtensson, Mikael"]
[Black "Bergstrom, Magnus"]
[Result "1/2-1/2"]
[WhiteElo "2210"]
[BlackElo "2285"]

1.Nf3 c5 2.c4 Nf6 3.Nc3 g6 4.g3 d5 5.cxd5 Nxd5 6.Bg2 Bg7 7.O-O Nc6 8.e3 Nc7
9.Qa4 O-O 10.Qc4 b6 11.Rd1 Rb8 12.d4 Ba6 13.Qb3 cxd4 14.exd4 Na5 15.Qa4 Bb7
16.Bf4 Rc8 17.b4 Ne6 18.Ne2 Nxf4 19.Nxf4 Bc6 20.Qa3 Nc4 21.Qa6 Nd6 22.Ne5 Bxg2
23.Kxg2 Rc7 24.Rac1 Qa8+ 25.f3 Rfc8 26.Rxc7 Rxc7 27.Qd3 Qc8 28.Nd5 Rc2+ 29.Kg1 Kf8
30.b5 Rxa2 31.Nc6 Qh3 32.Rd2 Ra1+ 33.Rd1 Rxd1+ 34.Qxd1 Nxb5 35.Qe2 Qe6 36.Qxb5 Qe1+
37.Kg2 Qd2+ 38.Kh3 Qh6+ 39.Kg2 Qd2+ 40.Kh3 Qh6+ 41.Kg2 Qd2+  1/2-1/2

[Event "Tel Aviv Cup rapid"]
[Site "Tel Aviv"]
[Date "1996.??.??"]
[Round "4"]
[White "Rechlis, Gad"]
[Black "Greenfeld, Alon"]
[Result "1-0"]
[WhiteElo "2510"]
[BlackElo "2560"]

1.c4 Nf6 2.Nc3 c5 3.Nf3 e6 4.g3 Nc6 5.Bg2 Be7 6.O-O O-O 7.d3 d5 8.Bf4 d4
9.Na4 Nd7 10.e4 e5 11.Bd2 a6 12.b3 b5 13.Nb2 Nb6 14.Ne1 bxc4 15.dxc4 a5 16.f4 a4
17.Nbd3 f6 18.Nf3 Bg4 19.h3 Bh5 20.g4 Bg6 21.fxe5 Bxe4 22.exf6 Bxd3 23.fxe7 Qxe7
24.Re1 Qd6 25.Bg5 Bg6 26.Nh4 Rae8 27.Qd2 Nd8 28.Nxg6 Qxg6 29.Be7 Rxe7 30.Rxe7 Ne6
31.Rb7 Nf4 32.Rf1 Qh6 33.Kh1 g5  1-0

[Event "Terrassa op"]
[Site "Terrassa"]
[Date "1996.??.??"]
[Round "7"]
[White "Nogueiras, Jesus"]
[Black "Rodriguez, Amador"]
[Result "1-0"]
[WhiteElo "2535"]
[BlackElo "2510"]

1.Nf3 c5 2.c4 Nf6 3.Nc3 d5 4.cxd5 Nxd5 5.g3 Nc6 6.Bg2 Nc7 7.O-O e5 8.d3 Be7
9.Nd2 Bd7 10.Nc4 f6 11.a4 O-O 12.f4 exf4 13.Bxf4 Ne6 14.Bd2 Kh8 15.Nd5 Re8
16.Bc3 Ng5 17.Nf4 Rb8 18.e3 Rf8 19.h4 Ne6 20.Nd5 Nc7 21.Nf4 Ne6 22.h5 Nxf4
23.gxf4 Bf5 24.Be4 Qd7 25.Bxf5 Qxf5 26.e4 Qh3 27.Qf3 Qxf3 28.Rxf3 Rbd8 29.Kf2 Rd7
30.Rg1 Bd8 31.h6 g6 32.f5 gxf5 33.Rxf5 Rxd3 34.Rxc5 Be7 35.Rf5 Rf7 36.Ke2 Rh3
37.Rfg5 Rf8 38.Nd6 Rh2+ 39.Kd1 Nd8 40.Nf5 Ne6 41.Nxe7  1-0

[Event "Toronto"]
[Site "Toronto"]
[Date "1996.??.??"]
[Round "2"]
[White "Jung, Hans Rudolf"]
[Black "Beckwith, Paul H"]
[Result "1/2-1/2"]
[WhiteElo "2230"]
[BlackElo "2280"]

1.Nf3 c5 2.c4 Nf6 3.Nc3 e6 4.e4 d6 5.d4 Be7 6.d5 O-O 7.Be2 Na6 8.O-O Nc7
9.Ne1 a6 10.a4 b6 11.f4 exd5 12.cxd5 Rb8 13.Bf3 b5  1/2-1/2

[Event "Toscolano op"]
[Site "Toscolano"]
[Date "1996.??.??"]
[Round "3"]
[White "Lagrotteria, Salvatore"]
[Black "Mora, Federico"]
[Result "1-0"]
[WhiteElo "2165"]
[BlackElo "2335"]

1.Nf3 c5 2.c4 Nf6 3.Nc3 d5 4.cxd5 Nxd5 5.g3 Nc6 6.Bg2 Nc7 7.d3 e5 8.O-O Be7
9.Nd2 Bd7 10.Nc4 f6 11.Ne4 O-O 12.Bd2 Be6 13.Na5 Nxa5 14.Bxa5 b6 15.Bc3 Rc8
16.b3 Nb5 17.Bb2 Qd7 18.Nc3 Nd4 19.Re1 f5 20.e3 Nc6 21.Qe2 Bf6 22.Red1 Rfd8
23.Rac1 Nb4 24.Bf1 Bf7 25.Ba3 Nc6 26.Bh3 Be6 27.Bg2 Qe8 28.Bf3 Bf7 29.Qf1 Qe6
30.Qe2 Rd7 31.g4 g6 32.gxf5 gxf5 33.Bh5 Bxh5 34.Qxh5 Rg7+ 35.Kh1 e4 36.dxe4 Bxc3
37.Rxc3 Qxe4+ 38.f3 Qe6 39.Rcd3 Re8 40.Bb2 Rg6 41.Rd6 Qf7 42.Rxg6+ Qxg6 43.Rg1  1-0

[Event "Toscolano op"]
[Site "Toscolano"]
[Date "1996.??.??"]
[Round "6"]
[White "Corvi, Marco"]
[Black "Stantic, Severino"]
[Result "1-0"]
[WhiteElo "2185"]
[BlackElo "2105"]

1.c4 c5 2.Nc3 Nf6 3.Nf3 d5 4.cxd5 Nxd5 5.g3 Nc6 6.Bg2 Nc7 7.O-O e5 8.d3 Be7
9.Be3 O-O 10.Rc1 b6 11.Nxe5 Nxe5 12.Bxa8 Nxa8 13.Qa4 Qd7 14.Qe4 Nc6 15.Qd5 Nc7
16.Qxd7 Bxd7 17.Rfd1 Bf6 18.Rd2 Be6 19.Ne4 Bd4 20.Bf4 Nd5 21.e3 Nxf4 22.gxf4 Bf6
23.d4 Bxd4 24.exd4 Nxd4 25.Rc3 Bxa2 26.Ng3 Bd5 27.Rdd3 Rd8 28.f3 Kf8 29.Kf2 g6
30.Ne2 Nxe2 31.Kxe2 Ke7 32.Rc1 Be6 33.Rxd8 Kxd8 34.Ke3 Kd7 35.Ke4 a5 36.Ke5 a4
37.Rc3 Kc6 38.Rd3 c4 39.Ra3 b5 40.Kd4 Kb6 41.Ra1 h5 42.h4 Kc6 43.Ra3 Bf5
44.Re3 Be6 45.Re5 b4 46.Ra5 c3 47.bxc3 bxc3 48.Kxc3 Bb3 49.f5 Kd7 50.fxg6 fxg6
51.Ra6 Bd5 52.f4 Bf7 53.Rxa4 Ke6 54.Ra5 Kf6 55.Kd4 Be6 56.Ke4 Bb3 57.Ra6+ Kg7
58.Ke5 Bc2 59.Ra7+ Kh6 60.Kf6 Bb1 61.Ra8 Kh7 62.Kg5 Kg7 63.Ra7+ Kf8 64.Kf6  1-0

[Event "Toscolano op"]
[Site "Toscolano"]
[Date "1996.??.??"]
[Round "9"]
[White "Lagrotteria, Salvatore"]
[Black "Tomasi, Diego"]
[Result "1-0"]
[WhiteElo "2165"]
[BlackElo "2045"]

1.Nf3 Nf6 2.c4 e6 3.Nc3 c5 4.g3 g6 5.d4 Bg7 6.Bg2 O-O 7.O-O cxd4 8.Nxd4 d5
9.cxd5 exd5 10.Bg5 Be6 11.Nxe6 fxe6 12.Qb3 Qe7 13.Rad1 Nc6 14.e4 d4 15.Ne2 h6
16.Bxf6 Bxf6 17.Nf4 Kh7 18.Nxe6 Rfe8 19.Nf4 Bg7 20.a3 Rad8 21.Kh1 Rd6 22.Nd3 Ne5
23.Nxe5 Bxe5 24.f4 Bg7 25.e5 Rb6 26.Qc2 Rd8 27.Be4 Qe6 28.Rd2 Qh3 29.Rc1 Qg4
30.b4 Rf8 31.Rxd4 h5 32.Qd1 Qh3 33.Rd7 Kh8 34.Rcc7 Bxe5 35.Rh7+ Kg8 36.Bd5+ Re6
37.Bxe6+ Qxe6 38.fxe5  1-0